[Event "Challenge"]
[Site "http://www.queenalice.com/game.php?id=1531616"]
[Date "2018.6.17"]
[Round "-"]
[White "Lapoule"]
[Black "Guilhermerocha"]
[Result "1-0"]
[WhiteElo "1999"]
[BlackElo "1726"]

1. e4 d5 2. exd5 Qxd5 3. Nc3 Qd7 4. Nf3 e5 5. Nxe5 Qe6 6. d4 f6 7. Bc4 Qe7 8.
Bf7+ Kd8 9. Nd5 Qd6 10. Bxg8 Rxg8 11. Nf7+ Kd7 12. Nxd6 Bxd6 13. O-O Nc6 14. Bf4
Re8 15. Qg4+ Kd8 16. Qxg7 Bxf4 17. Nxf4 Bd7 18. Nd5 Nxd4 19. Qxf6+ 1-0

[Event "Challenge"]
[Site "http://www.queenalice.com/game.php?id=1531968"]
[Date "2018.6.20"]
[Round "-"]
[White "WLAO"]
[Black "Lapoule"]
[Result "0-1"]
[WhiteElo "1685"]
[BlackElo "1984"]

1. b3 e5 2. Bb2 Nc6 3. e4 Qh4 4. Nf3 Qxe4+ 5. Be2 d6 6. d3 Qg6 7. O-O Bh3 8. Nh4
Qh5 9. Bxh5 Be6 10. Qf3 g6 11. Bg4 f5 12. Bh3 Nge7 13. Nd2 Bd5 14. Qe3 f4 15.
Qe2 h5 16. Ndf3 Bg7 17. c4 Bf7 18. Ng5 O-O 19. Nxf7 Kxf7 20. Qe4 Bf6 21. Nxg6
Nxg6 22. Qd5+ Kg7 23. Bf5 Nge7 24. Qf3 Nxf5 25. Qxh5 Nh6 26. Bc1 Rh8 27. Qe2
Rag8 28. a3 Nd4 29. Qd1 Kf8 30. Bb2 Ndf5 31. Qf3 c6 32. b4 Nh4 33. Qh5 Rxg2+ 34.
Kh1 N6f5 35. Qe2 f3 36. Qc2 Ng6 37. d4 Rhxh2# 0-1

[Event "Challenge"]
[Site "http://www.queenalice.com/game.php?id=1544393"]
[Date "2018.10.1"]
[Round "-"]
[White "WLAO"]
[Black "Lapoule"]
[Result "0-1"]
[WhiteElo "1515"]
[BlackElo "1979"]

1. b3 e5 2. Bb2 Nc6 3. d3 d5 4. e3 d4 5. e4 Bb4+ 6. c3 Ba5 7. Ne2 Nf6 8. g3 b6
9. Bg2 Ba6 10. b4 dxc3 11. Bxc3 Bxb4 12. Bxb4 Nxb4 13. O-O Qxd3 14. Qa4+ Qb5 15.
Nbc3 Qxa4 16. Nxa4 Bxe2 17. Rfc1 O-O-O 18. a3 Na6 19. Nc3 Bd3 20. a4 Rd4 21. Bf1
Bxf1 22. Kxf1 Kb7 23. Nb5 Rd2 24. a5 Nxe4 25. Nc3 Nxc3 26. Rxc3 b5 27. Rb3 b4
28. Re1 Re8 29. Kg2 e4 30. Ree3 f5 31. Kf1 c5 32. Kg2 c4 33. Rb1 Rc8 34. Ree1 c3
35. Re3 c2 36. Rc1 Nc5 37. h3 Nd3 38. h4 Nxc1 39. h5 Nd3 40. Kh3 c1=Q 41. Kh4
Rxf2 42. Kg5 Qxe3+ 43. Kh4 Rh2# 0-1

[Event "Challenge"]
[Site "http://www.queenalice.com/game.php?id=1546422"]
[Date "2018.10.20"]
[Round "-"]
[White "Lapoule"]
[Black "bmax"]
[Result "0-1"]
[WhiteElo "1981"]
[BlackElo "2131"]

1. e4 d6 2. d4 Nf6 3. Nc3 e5 4. Bc4 Nbd7 5. Nf3 Be7 6. dxe5 dxe5 7. Ng5 O-O 8.
O-O c6 9. Be3 b5 10. Bb3 a5 11. a4 b4 12. Ne2 Ba6 13. Re1 h6 14. Ng3 hxg5 15.
Bxg5 c5 16. f4 exf4 17. Bxf4 c4 18. Ba2 Bc5+ 19. Kh1 Bf2 20. Re2 Bxg3 21. Bxg3
c3 22. Re3 cxb2 23. Rb1 Ng4 24. Qxg4 Nf6 25. Qf3 Rc8 26. Rxb2 Qd2 27. Re2 Bxe2
28. Qf2 Nxe4 29. Qe1 Nxg3+ 30. hxg3 Qxe1+ 31. Kh2 Rc6 32. Bxf7+ Rxf7 33. Rb1
Rh6# 0-1

[Event "Challenge"]
[Site "http://www.queenalice.com/game.php?id=1546423"]
[Date "2018.10.20"]
[Round "-"]
[White "bmax"]
[Black "Lapoule"]
[Result "1-0"]
[WhiteElo "2138"]
[BlackElo "1971"]

1. d4 e6 2. Bf4 Nc6 3. e3 Nf6 4. Nf3 d5 5. c4 Bb4+ 6. Nbd2 Ne4 7. a3 Bd6 8. Bg3
b6 9. cxd5 exd5 10. Nxe4 dxe4 11. Nd2 f5 12. Rc1 Nb8 13. Bb5+ Bd7 14. Qb3 Bxg3
15. hxg3 c6 16. Be2 Qf6 17. Rxh7 g6 18. Rxh8+ Qxh8 19. f3 exf3 20. Nxf3 Qf6 21.
Qg8+ Ke7 22. Ne5 Be8 23. Qh7+ Bf7 24. Bc4 Nd7 25. Nxd7 Rh8 26. Nxf6 Rxh7 27.
Nxh7 Bxc4 28. Rxc4 Kd6 29. Ke2 Kd5 30. Rc1 Kd6 31. Rh1 c5 32. dxc5+ Kxc5 33. Rh6
a5 34. Rxg6 b5 35. Rg5 Kc4 36. Rxf5 b4 37. Rxa5 bxa3 38. Rxa3 Kb4 39. Ra8 1-0

[Event "Challenge"]
[Site "http://www.queenalice.com/game.php?id=1547933"]
[Date "2018.11.1"]
[Round "-"]
[White "Lapoule"]
[Black "lmtz"]
[Result "0-1"]
[WhiteElo "1962"]
[BlackElo "2164"]

1. e4 c5 2. Nc3 d6 3. Bc4 e6 4. d4 cxd4 5. Qxd4 Nc6 6. Qe3 a6 7. Nf3 b5 8. Bb3
Bb7 9. a3 Nf6 10. Ng5 h6 11. Qh3 Nd4 12. Be3 Nxb3 13. cxb3 Rg8 14. f4 Be7 15. e5
Nd5 16. Nxd5 Bxd5 17. Nf3 dxe5 18. fxe5 Bxb3 19. O-O Qd3 20. Nd4 Bd5 21. Rad1
Qe4 22. Bf4 Bc4 23. Qf3 Qxf3 24. Rxf3 Bc5 25. Rf2 O-O-O 26. Be3 Rd5 27. Rxf7
Rgd8 28. Rf4 Rxe5 29. b4 Rxe3 30. bxc5 e5 31. Rg4 Rxd4 32. Rdxd4 exd4 33. Rxd4
Rxa3 34. Rf4 Rd3 35. Rf7 Bxf7 0-1

[Event "Challenge"]
[Site "http://www.queenalice.com/game.php?id=1547934"]
[Date "2018.11.1"]
[Round "-"]
[White "lmtz"]
[Black "Lapoule"]
[Result "1-0"]
[WhiteElo "2170"]
[BlackElo "1954"]

1. e4 e6 2. d4 d5 3. Nc3 a6 4. Nf3 dxe4 5. Nxe4 Nc6 6. c3 Be7 7. Bd3 h6 8. O-O
Nf6 9. Qc2 b6 10. Nxf6+ Bxf6 11. Bf4 Bb7 12. Rfe1 Ne7 13. Ne5 Bxe5 14. Bxe5 Qd7
15. Bxg7 Rg8 16. Be4 Rxg7 17. Bxb7 Ra7 18. Bf3 Nd5 19. Bxd5 Qxd5 20. f4 Kf8 21.
Re5 Qd6 22. Rae1 c6 23. f5 Rg5 24. fxe6 Rxe5 25. Rxe5 Re7 26. Qf5 Rxe6 27. Rxe6
Qxe6 28. Qxe6 fxe6 29. Kf2 c5 30. Ke3 cxd4+ 31. Kxd4 Ke7 32. g4 Kf6 33. h4 e5+
34. Kd5 b5 35. b3 a5 36. c4 h5 37. g5+ Kf5 38. cxb5 e4 39. Kd4 Kf4 40. b6 e3 41.
b7 e2 42. b8=Q+ Kf3 43. Qe5 Kg4 44. Qxe2+ Kxh4 45. Ke5 Kxg5 46. Qg2+ 1-0

[Event "Challenge"]
[Site "http://www.queenalice.com/game.php?id=1558802"]
[Date "2019.1.30"]
[Round "-"]
[White "Magogue"]
[Black "Lapoule"]
[Result "0-1"]
[WhiteElo "1697"]
[BlackElo "2034"]

1. e4 e6 2. d4 d5 3. Nd2 Nc6 4. Ngf3 g6 5. Bb5 Bd7 6. O-O Nf6 7. e5 Nh5 8. Nb3
a6 9. Bxc6 Bxc6 10. Na5 Bb5 11. Re1 b6 12. Nb3 c5 13. dxc5 bxc5 14. a4 Bc6 15.
Bd2 Be7 16. Ba5 Qb8 17. Qd2 Qb7 18. g4 Ng7 19. Nh4 d4 20. f3 g5 21. Qxd4 cxd4
0-1

[Event "Challenge"]
[Site "http://www.queenalice.com/game.php?id=1558803"]
[Date "2019.1.30"]
[Round "-"]
[White "Lapoule"]
[Black "Magogue"]
[Result "1-0"]
[WhiteElo "2029"]
[BlackElo "1766"]

1. e4 e5 2. Bc4 Bc5 3. Nf3 d6 4. d4 exd4 5. Nxd4 Qf6 6. Be3 Nh6 7. h3 Be6 8.
Bxe6 fxe6 9. O-O Nf7 10. Nc3 a6 11. Qg4 Bxd4 12. Bxd4 e5 13. Nd5 Qd8 14. Be3 O-O
15. f4 exf4 16. Rxf4 Ne5 17. Rxf8+ Qxf8 18. Qe6+ Kh8 19. Re1 1-0

[Event "Challenge"]
[Site "http://www.queenalice.com/game.php?id=1560383"]
[Date "2019.2.9"]
[Round "-"]
[White "Lapoule"]
[Black "jova21"]
[Result "1-0"]
[WhiteElo "2037"]
[BlackElo "2066"]

1. e4 d5 2. exd5 Qxd5 3. Nc3 Qd8 4. d4 Nf6 5. Bf4 Bf5 6. Qf3 Nc6 7. Bb5 Bd7 8.
O-O-O e6 9. d5 Nxd5 10. Rxd5 exd5 11. Nxd5 Bd6 12. Ne2 Ne5 13. Bxd7+ Qxd7 14.
Qe4 O-O-O 15. Nec3 f5 16. Qd4 Nc6 17. Qa4 Bxf4+ 18. Qxf4 Rhg8 19. h4 Ne7 20.
Nxe7+ Qxe7 21. Qxf5+ Kb8 22. Qxh7 Rgf8 23. f3 Qe3+ 24. Kb1 Rfe8 25. Ne4 Qd4 26.
Rc1 Rh8 27. Qg6 Rh6 28. Qg3 Rb6 29. c3 Qd3+ 30. Ka1 Qe2 31. b3 Ra6 32. a4 b5 33.
Qf2 Qxf2 34. Nxf2 bxa4 35. b4 Rd2 36. Ne4 Rxg2 37. Nc5 Rd6 38. Re1 c6 39. Nxa4
Rgd2 40. Re8+ Kc7 41. Nc5 Rd1+ 42. Kb2 Rh6 43. Re7+ Kb6 44. Rb7# 1-0

[Event "Challenge"]
[Site "http://www.queenalice.com/game.php?id=1561479"]
[Date "2019.2.19"]
[Round "-"]
[White "Lapoule"]
[Black "George1955"]
[Result "0-1"]
[WhiteElo "2048"]
[BlackElo "2155"]

1. e4 c6 2. Nf3 d5 3. e5 Bf5 4. d4 e6 5. h3 c5 6. Bb5+ Nd7 7. O-O a6 8. Bd3 Bxd3
9. cxd3 cxd4 10. Qa4 Bc5 11. b4 Bb6 12. Bb2 Ne7 13. Bxd4 Bxd4 14. Nxd4 b5 15.
Qd1 Nxe5 16. Qe2 N7c6 17. Nxc6 Nxc6 18. Qg4 Qf6 19. Nd2 h5 20. Qg3 O-O 21. a3
Nd4 22. Qh2 Rac8 23. Kh1 Rc2 24. Rad1 Rfc8 25. Qg3 h4 26. Qg4 g6 27. f4 Nf5 28.
Rfe1 Ra2 29. Nb1 Rcc2 30. Kh2 Qb2 31. Rd2 Rxd2 32. Nxd2 Qxd2 33. Rd1 Qf2 34. Rg1
Ne3 35. Qg5 Nf1+ 36. Rxf1 Qxf1 37. d4 Ra1 38. Qxh4 Qg1+ 39. Kg3 Rxa3+ 40. Kg4
Qxg2+ 41. Qg3 Qxg3# 0-1

[Event "Challenge"]
[Site "http://www.queenalice.com/game.php?id=1561480"]
[Date "2019.2.19"]
[Round "-"]
[White "George1955"]
[Black "Lapoule"]
[Result "1-0"]
[WhiteElo "2115"]
[BlackElo "2054"]

1. e4 e5 2. Nf3 Nc6 3. Bb5 Qf6 4. Nc3 Nge7 5. O-O a6 6. Ba4 g6 7. Nd5 Qd6 8. c4
Nd4 9. Nxd4 exd4 10. e5 Qc5 11. b4 Qxc4 12. Bb3 Qc6 13. Qf3 Nf5 14. Bb2 Bxb4 15.
Rac1 Bc5 16. Rxc5 Qxc5 17. Rc1 Qa7 18. Nxc7+ Kf8 19. Nxa8 Qxa8 20. Qd5 Nh6 21.
Qd6+ Ke8 22. Ba3 Nf5 23. Qf6 d6 24. Bxf7+ Kd7 25. e6# 1-0